Vélemények köszörűköve
Elmentve itt :
| Szerző: | |
|---|---|
| Adatforrás: | Meister |
| Forrásdokumentuma: | A Hét. - 21 sz., 1991, 3 p. |
| Nyelv: | magyar |
| Kulcsszavak: | politikai publicisztika politikai intézmények magyarok (szlovákiai) Szlovákia Galánta CSEMADOK-Csehszlovákiai Magyarok Demokratikus Szövetsége RMDSZ-Romániai Magyar Demokrata Szövetség |
| LEADER | 00594nab a2200193 i 4500 | ||
|---|---|---|---|
| 001 | bibPRO00005022 | ||
| 008 | 060524s1991 xx hun | ||
| 040 | |a Sz1 | ||
| 041 | |a hun | ||
| 100 | 1 | |a SYLVESTER Lajos | |
| 245 | 1 | 0 | |a Vélemények köszörűköve |c SYLVESTER Lajos |
| 695 | |a politikai publicisztika | ||
| 695 | |a politikai intézmények | ||
| 695 | |a magyarok (szlovákiai) | ||
| 695 | |a Szlovákia | ||
| 695 | |a Galánta | ||
| 695 | |a CSEMADOK-Csehszlovákiai Magyarok Demokratikus Szövetsége | ||
| 695 | |a RMDSZ-Romániai Magyar Demokrata Szövetség | ||
| 773 | 0 | |t A Hét. - |g 21 sz., 1991, 3 p. | |